000 00904nam a2200253 a 4500
005 19900720100950.3
008 891020s1990 nyua b 001 0 eng
010 _aENG-92188
020 _a9780070264175
_c395.00
020 _a0070264171
_c395.00
035 _aEN-75721
037 _bDBAD / PUB
040 _adpl
_bEnglish
082 _a000
100 _aSharma, Arun
245 _aHow to prepare for data interpretation & logical reasoning for CAT /
_cby Arun Sharma
250 _a4th ed
260 _aNew Delhi
_bTata McGraw-Hill Publishing
_c2009
300 _aVarious pagings
_c28 cm (pbk)
_eCD-ROM
440 _aTata McGraw-Hill's winning we edge series
650 _aCommon Admission Test
942 _2ddc
_cEN
_mSHA
_h000
999 _c19812
_d19812